| 000 -LEADER |
| fixed length control field |
00886cam a22002178i 4500 |
| 001 - CONTROL NUMBER |
| control field |
20858620 |
| 005 - DATE AND TIME OF LATEST TRANSACTION |
| control field |
20221108133811.0 |
| 008 - FIXED-LENGTH DATA ELEMENTS--GENERAL INFORMATION |
| fixed length control field |
190219s2019 pau 000 0 eng |
| 020 ## - INTERNATIONAL STANDARD BOOK NUMBER |
| International Standard Book Number |
9781785923210x |
| 041 ## - LANGUAGE CODE |
| Language code of text/sound track or separate title |
eng |
| 080 ## - UNIVERSAL DECIMAL CLASSIFICATION NUMBER |
| Universal Decimal Classification number |
376.2 W-80 |
| 100 1# - MAIN ENTRY--PERSONAL NAME |
| Personal name |
Wood, Rebecca |
| 9 (RLIN) |
10712 |
| 245 10 - TITLE STATEMENT |
| Title |
Inclusive education for autistic children : |
| Remainder of title |
helping children and young people to learn and flourish in the classroom / |
| Statement of responsibility, etc. |
Dr Rebecca Wood. |
| 264 #4 - PRODUCTION, PUBLICATION, DISTRIBUTION, MANUFACTURE, AND COPYRIGHT NOTICE |
| Date of production, publication, distribution, manufacture, or copyright notice |
2019. |
| Place of production, publication, distribution, manufacture |
Philadelphia : |
| Name of producer, publisher, distributor, manufacturer |
Jessica Kingsley Publishers, |
| 300 ## - PHYSICAL DESCRIPTION |
| Extent |
208 pages : |
| Other physical details |
23 cm. |
| 653 ## - INDEX TERM--UNCONTROLLED |
| keyword |
ინკლუზიური განათლება აუტისტი ბავშვებისათვის |
| 653 ## - INDEX TERM--UNCONTROLLED |
| keyword |
პედაგოგიკა |
| 653 ## - INDEX TERM--UNCONTROLLED |
| keyword |
აუტისტი ბავშვები |
| 942 ## - ADDED ENTRY ELEMENTS (KOHA) |
| Source of classification or shelving scheme |
|
| Koha item type |
წიგნი |